La memoria de la Segunda República. (Registro nro. 174700)
[ vista simple ]
| 000 -LEADER | |
|---|---|
| campo de control de longitud fija | 00882nam a2200253 4500 |
| 001 - NÚMERO DE CONTROL | |
| campo de control | 174700 |
| 003 - IDENTIFICADOR DE NÚMERO DE CONTROL | |
| campo de control | ES-MaACL |
| 005 - FECHA Y HORA DE LA ÚLTIMA TRANSACCIÓN | |
| campo de control | 20230906215625.0 |
| 008 - DATOS DE LONGITUD FIJA--INFORMACIÓN GENERAL | |
| campo de control de longitud fija | 100519s2003 sp ad |||| |dspa d |
| 017 ## - NÚMERO DE COPYRIGHT O DE DEPÓSITO LEGAL | |
| Número de copyright o de depósito legal | M 29600-2002 |
| 080 ## - NÚMERO DE LA CLASIFICACIÓN DECIMAL UNIVERSAL | |
| Número de la Clasificación Decimal Universal | 94(460).091 |
| 245 03 - MENCIÓN DEL TÍTULO | |
| Título | La memoria de la Segunda República. |
| 260 ## - PUBLICACIÓN, DISTRIBUCIÓN, ETC. | |
| Lugar de publicación, distribución, etc. | Torrecaballeros (Segovia) : |
| Nombre del editor, distribuidor, etc. | Asociación Historiadores del Presente, |
| Fecha de publicación, distribución, etc. | 2003. |
| 300 ## - DESCRIPCIÓN FÍSICA | |
| Extensión | 234, [4] p. : |
| Otras características físicas | il., gráf. ; |
| Dimensiones | 24 cm. |
| 490 1# - MENCIÓN DE SERIE | |
| Mención de serie | Historia del presente ; |
| Designación de volumen o secuencia | 2, |
| Número Internacional Normalizado para Publicaciones Seriadas | 1579-8135 |
| 594 ## - Nota al título y mención de responsabilidad | |
| Nota al título y mención de responsabilidad | Tít. tomado de la cub. |
| 598 ## - NOTA LOCAL | |
| Nota local | Director, Abdón Mateos. |
| 651 #4 - PUNTO DE ACCESO ADICIONAL DE MATERIA--NOMBRE GEOGRÁFICO | |
| Nombre geográfico | España- |
| Subdivisión general | Historia- |
| Subdivisión cronológica | 1931-1939, II República. |
| 9 (RLIN) | 8283 |
| 700 1# - ENTRADA AGREGADA--NOMBRE PERSONAL | |
| Nombre de persona | Mateos López, Abdón. |
| 9 (RLIN) | 78987 |
| 710 2# - ENTRADA AGREGADA--NOMBRE DE ENTIDAD CORPORATIVA | |
| Nombre de entidad corporativa o nombre de jurisdicción como elemento de entrada | Asociación Historiadores del Presente. |
| 9 (RLIN) | 142897 |
| 830 0# - PUNTO DE ACCESO ADICIONAL DE SERIE-TÍTULO UNIFORME | |
| Título uniforme | Historia del presente ; |
| Designación de volumen o secuencia | 2, |
| Número Internacional Normalizado para Publicaciones Seriadas | 1579-8135 |
| 9 (RLIN) | 223734 |
| 852 4# - LOCALIZACIÓN | |
| Ubicación | ES-MaACL |
| Número de control de estantería | C-57196 |
| Estatus retirado | Estado de pérdida | Estado de daño | No para préstamo | Biblioteca de origen | Biblioteca actual | Ubicación en estantería | Fecha de adquisición | Fuente de adquisición | Total de préstamos | Signatura topográfica completa | Código de barras | Visto por última vez | Precio de reemplazo | Tipo de ítem Koha |
|---|---|---|---|---|---|---|---|---|---|---|---|---|---|---|
| Biblioteca del Ateneo de Madrid | Biblioteca del Ateneo de Madrid | Depósito 2 | 19/05/2010 | C-57196 | 1183407 | 23/02/2023 | 23/02/2023 | Libro impreso |
